| 000 -LEADER |
| fixed length control field |
00690nam a2200217Ia 4500 |
| 001 - CONTROL NUMBER |
| control field |
15927 |
| 003 - CONTROL NUMBER IDENTIFIER |
| control field |
GE_BSU |
| 008 - FIXED-LENGTH DATA ELEMENTS--GENERAL INFORMATION |
| fixed length control field |
181216s||||||||xx |||||||||||||| ||und|| |
| 040 ## - CATALOGING SOURCE |
| Transcribing agency |
GE_BSU |
| 100 ## - MAIN ENTRY--PERSONAL NAME |
| Personal name |
ხოშტარია, ილია |
| 245 ## - TITLE STATEMENT |
| Title |
გულითადი საჩუქარი |
| 245 ## - TITLE STATEMENT |
| Remainder of title |
ლექსები |
| 245 ## - TITLE STATEMENT |
| Statement of responsibility, etc. |
რედ.ი.ნონეშვილი.მხ.გ.კახიძე |
| 260 ## - PUBLICATION, DISTRIBUTION, ETC. |
| Place of publication, distribution, etc. |
თბილისი |
| 260 ## - PUBLICATION, DISTRIBUTION, ETC. |
| Name of publisher, distributor, etc. |
საბლიტგამი |
| 260 ## - PUBLICATION, DISTRIBUTION, ETC. |
| Date of publication, distribution, etc. |
1955 |
| 300 ## - PHYSICAL DESCRIPTION |
| Extent |
66გვ. : ილ. 21სმ. |
| 653 ## - INDEX TERM--UNCONTROLLED |
| Uncontrolled term |
გულითადი საჩუქარი |
| 653 ## - INDEX TERM--UNCONTROLLED |
| Uncontrolled term |
ლექსები |
| 942 ## - ADDED ENTRY ELEMENTS (KOHA) |
| Koha item type |
წიგნი |